| 000 | 00920nam a2200265Ia 4500 | ||
|---|---|---|---|
| 003 | OSt | ||
| 005 | 20220923215905.0 | ||
| 006 | a|||||r|||| 00| 0 | ||
| 007 | ta | ||
| 008 | 220922b |||||||| |||| 00| 0 urd d | ||
| 024 | _a182,599 | ||
| 037 | _cTextual | ||
| 040 |
_aARTS _cARTS _burd |
||
| 041 |
_2urd _aurd |
||
| 082 | _aO168,1N11:g, 152M2 | ||
| 100 |
_aशमशेर बहादुर सिंह एवं फिरदी, मुगीसुदीन _9163950 |
||
| 245 | 0 | _aफैज | |
| 246 | _aFaija | ||
| 250 | _aसंस्क0 2 | ||
| 260 |
_aदिल्ली _b राजमल प्रकाशन _c1982 |
||
| 300 |
_a206 पृ0 _ccm. |
||
| 650 | _aउर्दू साहित्य | ||
| 942 |
_hO168,1N11:g, 152M2 _cTEXL _2CC |
||
| 999 |
_c335963 _d335963 |
||